75 Biggest Cities in China - Statistics

General Stats
  • This quiz has been taken 886 times
    873 since last reset
  • The average score is 33 of 75
Answer Stats
Population City % Correct
11 715 000 Beijing
99%
22 315 000 Shanghai
98%
11 070 000 Guangzhou
97%
11 090 000 Tianjin
93%
7 415 000 Chengdu
92%
9 785 000 Wuhan
92%
6 500 000 Xi'an
92%
7 455 000 Chongqing
91%
7 235 000 Hong Kong
91%
5 880 000 Harbin
90%
7 165 000 Nanjing
86%
3 530 000 Xiamen
86%
6 240 000 Hangzhou
83%
10 360 000 Shenzhen
82%
3 715 000 Qingdao
81%
6 255 000 Shenyang
81%
4 090 000 Dalian
80%
3 030 000 Urumqi
80%
3 090 000 Changsha
75%
1 180 000 Fuzhou
75%
3 310 000 Hefei
73%
4 250 000 Zhengzhou
73%
3 855 000 Kunming
72%
805 000 Nanning
68%
865 000 Wenzhou
68%
5 330 000 Shantou
66%
5 345 000 Suzhou
63%
4 335 000 Jinan
59%
3 545 000 Wuxi
58%
4 195 000 Changchun
57%
3 490 000 Ningbo
56%
2 630 000 Lanzhou
53%
2 835 000 Shijiazhuang
52%
8 000 000 Dongguan
49%
2 355 000 Nanchang
45%
1 170 000 Guiyang
41%
3 130 000 Zibo
41%
3 600 000 Foshan
39%
775 000 Hohhot
38%
1 880 000 Jilin
37%
950 000 Changzhou
34%
1 200 000 Anshan
31%
1 390 000 Luoyang
31%
1 300 000 Baotou
28%
3 375 000 Tangshan
28%
995 000 Baoding
26%
765 000 Xining
24%
880 000 Qiqihar
21%
1 050 000 Datong
19%
900 000 Kaifeng
17%
780 000 Anyang
14%
7 150 000 Nanchong
14%
3 120 000 Zhongshan
14%
1 360 000 Handan
12%
1 030 000 Huainan
12%
5 500 000 Tai'an
12%
1 400 000 Fushun
10%
990 000 Benxi
8%
1 045 000 Changshu City
8%
905 000 Huaibei
7%
1 035 000 Xianyang
7%
890 000 Pingdingshan
6%
1 135 000 Lijiang
5%
1 940 000 Ordos
5%
1 200 000 Yueyang
5%
1 590 000 Xinyang
4%
1 000 000 Jieyang
3%
3 590 000 Puyang
3%
3 500 000 Tianshui
3%
1 200 000 Tongshan
3%
1 380 000 Guankou
2%
770 000 Shangyu
2%
3 460 000 Shiyan
2%
2 615 000 Yunfu
2%
1 000 000 Zhu Zheng City
2%
No matching quizzes found
Score Distribution
Percent of People with Each Score
Percentile by Number Answered
Your Score History
You have not taken this quiz since the last reset